• 首页
  • 本馆介绍
  • 公告通知
  • 最新文献
  • 馆藏检索
  • 电子资源
  • 读者导购
  • 参考咨询
  • 我的图书馆
  • 登录
  • 详细信息显示
  • 放入我的书架
  • 预约/预借图书
  • 作者相关作品
  • 分类相关作品
  • 丛书相关作品
  • 出版社相关作品

书目信息

  • 表格格式
  • 工作单格式
  • 卡片格式
题名:
童年
    
 
作者: 高尔基 著 ;刘逸 译
分册:  
出版信息: 北京   人民文学出版社  1988.5
页数: 252页
开本: 20cm
丛书名:
单 册:
中图分类: I512.4
科图分类:
主题词: 小说--苏联
电子资源:
ISBN: 7-02-000286-2
000 00543nam0 2200205 45
001 0181021424
005 20070713110715.21
010    @dCNY4.05@a7-02-000286-2
100    @a20810111d km y0chiy0120 ea
101 0  @achi@crus
200 1  @a童年@Atong niang@f(苏)高尔基著@F(Su)Gao Er Ji Zhu@g刘逸译
205    @a2版
210    @a北京@c人民文学出版社@d1988.5
215    @a252页@d20cm
606 0  @a小说@x苏联
690    @aI512.4@v3
701  0 @a高尔基@4著
702 0  @a刘逸@4译
801    @aCN@bTSTC@c20070713
905    @dI512.4@e10=2@b263140@f1
    
    童年/(苏)高尔基著/刘逸译.-2版.-北京:人民文学出版社,1988.5
    252页;20cm
    
    
    ISBN 7-02-000286-2:CNY4.05
    
●
相关链接 在E读中查询图书 在五车中查询图书 在当当中查询图书 在豆瓣中查询图书


正题名:童年     索取号:I512.4/10=2         预约/预借

序号 登录号 条形码 馆藏地/架位号 状态 备注
1 0244518   001587884   第二借阅区/ [索取号:I512.4/10=2] 在馆    
2 0244520   000316401   第二借阅区/ [索取号:I512.4/10=2] 在馆    
3 0244521   001586153   第二借阅区/ [索取号:I512.4/10=2] 在馆    
4 0244522   001649381   第一样本阅览室/ [索取号:I512.4/10=2] 在馆    
5 0263139   000316447   第二借阅区/ [索取号:I512.4/10=2] 在馆    
6 0263140   001990787   第二借阅区/ [索取号:I512.4/10=2] 在馆    
7 0778646   207786467   密集书库/ [索取号:I512.4/10=2] 在馆    
唐山师范学院图书馆 欢迎您!
大连网信软件有限公司© 版权所有